Los mazatecos y el problema indígena de la Cuenca del Papaloapan (notice nᵒ 3808)
[ vue normale ]
| 000 -Sello discográfico | |
|---|---|
| campo de control de longitud fija | 01182nam a2200325 4500 |
| 005 - Identificación de versión | |
| campo de control | 20251016083656.0 |
| 035 ## - Otros números de control del sistema | |
| Número de control del sistema | 14096 |
| 099 ## - fechas locales | |
| Tipo de ítem Koha | LIBRO |
| 100 ## - Datos de procesamiento general | |
| Datos de procesamiento general | 19981216d1955 m y1spay5003 ba |
| 105 ## - Campo de datos codificados: Material textual, monográfico | |
| Datos codificados de monografía | a 001zy |
| 200 1# - Título y mención de responsabilidad | |
| Título propio | Los mazatecos y el problema indígena de la Cuenca del Papaloapan |
| Designación general del material | texto impreso |
| Primer mención de responsabilidad | Alfonso Villa Rojas |
| Declaración de responsabilidad subsiguiente | ilustraciones Alberto Beltrán |
| -- | mapa Miguel Covarrubias |
| 210 ## - Publicación, distribución, etc. | |
| Lugar de publicación, distribución, etc. | México |
| Nombre del editor, distribuidor, etc. | Ediciones del Instituto Nacional Indigenista |
| Fecha de publicación, distribución, etc. | 1955 |
| 215 ## - Descripción física | |
| Designación de material específico y extensión del ítem | 177 p |
| Otras características físicas | il., mapas, fot. |
| Dimensiones | 28 cm |
| 300 ## - Notas generales | |
| Texto de la nota | Incluye índice analítico |
| 345 ## - Nota de información de adquisición | |
| Fuente de adquisición/dirección de la suscripción [OBSOLETO] | Donación |
| 410 #1 - Series | |
| Título | Memorias del Instituto Nacional Indigenista |
| Número de volumen | v.7 |
| 606 ## - Término temático usado como materia | |
| Elemento de entrada | Mazatecos (Indios) |
| Número Koha | 4407 |
| 607 ## - Nombre geográfico utilizado como tema | |
| Elemento de entrada | Valle del Río Papaloapan, Oaxaca (México) |
| Número Koha | 7523 |
| 660 ## - Código de área geográfica | |
| Código | MX |
| 700 ## - Nombre personal - Responsabilidad primaria | |
| Elemento de entrada | Villa Rojas |
| Parte del nombre distinta del elemento de entrada | Alfonso |
| Fechas | 1897-1998 |
| Número Koha | 2485 |
| 702 ## - Nombre personal - Responsabilidad secundaria | |
| Elemento de entrada | Beltrán García |
| Parte del nombre distinta del elemento de entrada | Alberto |
| Fechas | 1923-2002 |
| Número Koha | 3377 |
| 702 ## - Nombre personal - Responsabilidad secundaria | |
| Elemento de entrada | Covarrubias Duclaud |
| Parte del nombre distinta del elemento de entrada | José Miguel |
| Fechas | 1904-1957 |
| Adiciones a los nombres que no sean fechas | El Chamaco |
| Número Koha | 3927 |
| 801 #0 - Fuente de origen | |
| Agencia | cm |
| 900 ## - | |
| -- | 1/17994 |
| 900 ## - | |
| -- | 710989598\\161298 |
| 942 ## - ELEMENTOS DE ENTRADA SECUNDARIOS (KOHA) | |
| Tipo de ítem Koha | Livre |
| 996 ## - | |
| -- | MEX |
| -- | 751145101 |
| -- | MMAG |
| -- | 003882 |
| -- | 972.006 M533I V.7 |
| -- | 20200123LIV |
| Estatus retirado | Estado de daño | Estado de pérdida | Fecha de adquisición | Biblioteca de origen | Biblioteca actual | Ubicación en estantería | Código de barras | Precio de reemplazo | Signatura topográfica completa | No para préstamo | Tipo de ítem Koha | Nota pública | Nota no pública |
|---|---|---|---|---|---|---|---|---|---|---|---|---|---|
| 05/08/2025 | Casa México Paris | Casa México Paris | 003882 | 05/08/2025 | 972.006 M533I V.7 | Livre | 20200123LIV | 751145101 |